| 000 | 00479nam a22001937a 4500 | ||
|---|---|---|---|
| 003 | OSt | ||
| 005 | 20210916153524.0 | ||
| 008 | 210916b |||||||| |||| 00| 0 eng d | ||
| 020 | _a0070236267 | ||
| 040 | _cHAWASSA UNIVERSITY | ||
| 050 | _a371.0110973/GOO | ||
| 082 | _aHERANO H | ||
| 100 |
_aGOODLAD JOHN I. _94429 |
||
| 245 | _aA PLACE CALLEF SCBOOL PROSPECTS FOR THE FUTURE | ||
| 260 |
_bNEW YORK _c1984 |
||
| 300 | _aXIX/396 | ||
| 504 | _aINDEX | ||
| 942 |
_2ddc _cBOOKS _n0 |
||
| 999 |
_c4490 _d4490 |
||